A la recherche du temps perdu

Furkejuvvon:
Bibliográfalaš dieđut
Váldodahkki: Proust, marcel
Materiálatiipa: Girji
Giella:Undetermined
Almmustuhtton: Belgique Gallimard 1954
Fáttát:
Fáddágilkorat: Lasit fáddágilkoriid
Eai fáddágilkorat, Lasit vuosttaš fáddágilkora!

MARC

LEADER 00000nam a2200000Ia 4500
008 170316s9999 xx 000 0 und d
040 |a cru BVZT 
090 |a 840 P-21a v.3 
100 |a Proust, marcel 
245 2 |a A la recherche du temps perdu 
260 |a Belgique 
260 |b Gallimard 
260 |c 1954 
300 |a 1319 páginas Tomo III 
650 |a LITERATURA FRANCESA 
999 |c 7893  |d 7893 
942 |c 15 D  |h 840 P-21a v.3  |2 z